00686nam a2200241 a 4500001001300000003000900013005001700022008004100039020001000080082001700090100003500107245002100142260003100163300000900194500003500203505001300238650001100251700003500262902000800297942000700305952011700312999001500429nice12345678IN_TiNIC20260116011401.0050524s1925 dela grp 000 0 ara  ac10000a297.124bABU aAbu Dawood, Sulaiman Sijistani aSunan Abi Dawood aDelhibMatba Mujtabac1925 a362p aincludes index and biblioraphy2 aarchives aHadith1 aAbu Dawood, Sulaiman Sijistani bRBA cBK 001040708RareBook->aHMIbHMId2007-08-07g100.00l0o297.124 ABUp04277r2007-08-07v100.00w2005-05-24yBK c1057d1057